Odpisy a opravné položky k pohledávkám z hospodářské činnosti

Odpisovanie a tvorenie opravných položiek na pohľadávky splatné do konca roka 1994. Účtovanie odpisov a úhrad pri vedení súboru vybraných pohľadávok na súhrnnom analytickom účte. Príklady účtovania podľa jednotlivých pohľadávok.

Salvato in:
Dettagli Bibliografici
Autore principale: Lehkoživ, J.
Altri autori: Šmíd, Vítězslav
Natura: Capitolo di libro
Lingua:ceco
Soggetti:
Tags: Aggiungi Tag
Nessun Tag, puoi essere il primo ad aggiungerne!!

MARC

LEADER 00000naa a2200000 4500
001 r020232
005 20230913080518.2
041 0 |a cze 
044 |a SK 
245 1 0 |a Odpisy a opravné položky k pohledávkám z hospodářské činnosti  |c J. Lehkoživ, Vítězslav Šmíd 
520 |a Odpisovanie a tvorenie opravných položiek na pohľadávky splatné do konca roka 1994. Účtovanie odpisov a úhrad pri vedení súboru vybraných pohľadávok na súhrnnom analytickom účte. Príklady účtovania podľa jednotlivých pohľadávok. 
610 2 0 |a odpisy účtovné 
610 2 0 |a položky opravné 
610 2 0 |a pohľadávky 
610 2 0 |a činnosť hospodárska 
610 2 0 |a účtovníctvo podvojné 
610 2 0 |a účtovanie 
610 2 0 |a účty analytické 
100 1 |a Lehkoživ, J. 
700 1 |a Šmíd, Vítězslav